| 000 | 00277 a2200121 4500 | ||
|---|---|---|---|
| 999 |
_c327576 _d327576 |
||
| 001 | 92503 | ||
| 003 | NUST | ||
| 005 | 20180120144220.0 | ||
| 008 | 180120b xxu||||| |||| 00| 0 eng d | ||
| 082 | _a297.4092/TAS | ||
| 100 |
_aDr Tassaduq Hussain _99244 |
||
| 245 | _aMata e Faqeer | ||
| 260 |
_aRawalpindi _bRomail _c2015 |
||
| 300 | _a334p. | ||
| 942 |
_aCAE NUST _cBK _k297.4092/TAS _2ddc |
||